00534 2200217 4500001002100000005001700021008004100038035002400079082001300103090002000116100001200136245002800148250001100176260002900187300001900216650003300235850001200268980001500280985000600295999001500301YOGYA-0209000006470320090227040329.0 ind  0010-020900000064703 a899.2623 a899.2623bGan K aGANI, A aKisah I kukangcA. Gani aCet. 1 aJakartabDepdikbudc1986 a120 hlmc22 cm aKesasteraan Makasar - Cerita aYOPDYOG a16-08-2008 a1 aA000002777